Statistics for Largest Prison Populations in the World

Click here to take the quiz!

General Stats

  • This quiz has been taken 25 times
  • The average score is 14 of 16

Answer Stats

AnswerTotal Prison Population% Correct
China1,649,804
100%
India419,623
100%
United States2,145,100
100%
Indonesia210,642
96%
Mexico233,469
96%
Russia627,702
96%
Brazil650,956
87%
Iran225,624
87%
South Africa161,984
87%
Egypt106,000
83%
Colombia119,269
78%
Turkey201,177
78%
Philippines142,168
74%
Vietnam130,679
74%
Thailand286,861
70%
Ethiopia111,050
57%

Score Distribution

Percentile by Number Answered

Percent of People with Each Score

Your Score History

You have not taken this quiz